[Event "Online Olym Disabilities final"]
[Site "Tornelo INT"]
[Date "2020.11.29"]
[Round "1.1"]
[White "Molenda, Marcin"]
[Black "Bondarets, Vadim"]
[Result "1-0"]
[WhiteElo "2349"]
[BlackElo "2210"]
[PlyCount "129"]
[EventDate "2020.11.29"]
[EventType "team-tourn"]
[EventRounds "3"]
[EventCountry "NET"]
[SourceTitle "CBM 199 Extra"]
[Source "ChessBase"]
[SourceDate "2021.01.31"]
[SourceVersion "1"]
[SourceVersionDate "2021.01.31"]
[SourceQuality "1"]
[WhiteTeam "Poland"]
[BlackTeam "Ukraine III"]
[WhiteTeamCountry "POL"]
[BlackTeamCountry "UKR"]

1. d4 d6 2. Nf3 f5 3. b3 Nf6 4. Bb2 e6 5. c4 Be7 6. g3 0-0 7. Bg2 c6 8. 0-0 Qe8 9. Nc3 Nbd7 10. Ng5 Nb6 11. e4 h6 12. Nh3 fxe4 13. Nxe4 Nxe4 14. Bxe4 e5 15. Bg2 e4 16. d5 cxd5 17. cxd5 Qf7 18. Nf4 Bg5 19. Nh5 Qxd5 20. Qxd5+ Nxd5 21. Bxe4 Nf6 22. Nxf6+ Bxf6 23. Bxf6 Rxf6 24. Rfe1 Rb8 25. Bd5+ Kf8 26. Rac1 Rf5 27. Red1 Re5 28. Rc7 Re7 29. Rdc1 Bh3 30. Rxe7 Kxe7 31. Rc7+ Kf6 32. f4 Rc8 33. Rxb7 Rc1+ 34. Kf2 Rc2+ 35. Ke3 Rxa2 36. b4 Ra3+ 37. Kd4 Ra1 38. Bf3 Ra3 39. Be4 a5 40. Rb6 axb4 41. Rxd6+ Ke7 42. Rb6 Ra4 43. Bd5 b3+ 44. Ke5 Ra5 45. Rb7+ Ke8 46. Rxb3 Bg2 47. Rd3 Ke7 48. f5 h5 49. Rd2 Bxd5 50. Rxd5 Ra2 51. h3 Ra3 52. Kf4 h4 53. g4 Rxh3 54. Kg5 Ra3 55. Kg6 h3 56. Kxg7 Rg3 57. Re5+ Kd7 58. f6 Rxg4+ 59. Kf7 Rh4 60. Rd5+ Kc6 61. Rd1 h2 62. Ke7 h1Q 63. Rxh1 Rxh1 64. f7 Rh4 65. f8Q 1-0

[Event "Lvov Tradition 05"]
[Site "Lvov"]
[Date "2019.05.06"]
[Round "6"]
[White "Bondarets, Vadim"]
[Black "Kowalski, Igor"]
[Result "0-1"]
[WhiteElo "2236"]
[BlackElo "2305"]
[PlyCount "92"]
[EventDate "2019.05.03"]
[EventType "tourn"]
[EventRounds "9"]
[EventCountry "UKR"]
[EventCategory "1"]
[SourceTitle "CBM 190 Extra"]
[Source "ChessBase"]
[SourceDate "2019.07.15"]
[SourceVersion "1"]
[SourceVersionDate "2019.07.15"]
[SourceQuality "1"]

1. Nf3 Nf6 2. c4 g6 3. d4 Bg7 4. g3 0-0 5. Bg2 c6 6. 0-0 d5 7. Ne5 Be6 8. cxd5 Bxd5 9. f3 Nfd7 10. Nxd7 Qxd7 11. Nc3 Bc4 12. Be3 Rd8 13. b3 Be6 14. Ne4 Na6 15. Ng5 Bxd4 16. Bxd4 Qxd4+ 17. Qxd4 Rxd4 18. Nxe6 fxe6 19. Kf2 Rad8 20. Rfc1 Rd2 21. Rc4 Rb2 22. Ra4 e5 23. f4 Rdd2 24. Bf1 Rd4 25. fxe5 Rxa4 26. bxa4 Nc5 27. Ke3 Rb4 28. Rc1 Re4+ 29. Kf3 Rxe5 30. a5 Kf7 31. e3 a6 32. Rb1 Ke6 33. Rd1 Ne4 34. Bc4+ Kf6 35. Rd8 Nd6 36. Rf8+ Kg5 37. h4+ Kh6 38. Bb3 g5 39. hxg5+ Rxg5 40. g4 c5 41. Kf4 Rg6 42. Rb8 Rf6+ 43. Ke5 c4 44. Bc2 Rf2 45. Bf5 c3 46. Rh8 Nf7+ 0-1

[Event "Lvov Title Chase Winter IM"]
[Site "Lvov"]
[Date "2019.02.13"]
[Round "5"]
[White "Bondarets, Vadim"]
[Black "Terletsky, Oleg"]
[Result "1/2-1/2"]
[WhiteElo "2239"]
[BlackElo "2186"]
[PlyCount "65"]
[EventDate "2019.02.11"]
[EventType "tourn"]
[EventRounds "9"]
[EventCountry "UKR"]
[SourceTitle "CBM 188 Extra"]
[Source "ChessBase"]
[SourceDate "2019.02.26"]
[SourceVersion "1"]
[SourceVersionDate "2019.02.26"]
[SourceQuality "1"]

1. d4 Nf6 2. Nf3 g6 3. c4 Bg7 4. g3 0-0 5. Bg2 d6 6. 0-0 Nbd7 7. Nc3 e5 8. e4 a6 9. h3 b5 10. dxe5 dxe5 11. a4 b4 12. Nd5 a5 13. Qc2 Ne8 14. Rd1 c6 15. Ne3 Qe7 16. Nd2 Nc7 17. Nb3 Ne6 18. Nd5 Qe8 19. Be3 cxd5 20. exd5 Nd4 21. Bxd4 exd4 22. c5 Ba6 23. Nxd4 Bxd4 24. Rxd4 Rc8 25. c6 Qe5 26. Qd1 Nf6 27. d6 Rfd8 28. Rc1 h5 29. h4 Be2 30. Qd2 Bg4 31. Re1 Qc5 32. Rc1 Qe5 33. Re1 1/2-1/2

[Event "Lvov Title Chase Winter IM"]
[Site "Lvov"]
[Date "2019.02.11"]
[Round "1"]
[White "Bondarets, Vadim"]
[Black "Paszewski, Mateusz"]
[Result "0-1"]
[WhiteElo "2239"]
[BlackElo "2347"]
[PlyCount "86"]
[EventDate "2019.02.11"]
[EventType "tourn"]
[EventRounds "9"]
[EventCountry "UKR"]
[SourceTitle "CBM 188 Extra"]
[Source "ChessBase"]
[SourceDate "2019.02.26"]
[SourceVersion "1"]
[SourceVersionDate "2019.02.26"]
[SourceQuality "1"]

1. Nf3 c5 2. c4 Nc6 3. d4 cxd4 4. Nxd4 g6 5. e4 Bg7 6. Nc2 Nf6 7. Nc3 0-0 8. Be2 b6 9. 0-0 Bb7 10. Be3 Ne8 11. Qd2 Nd6 12. f3 f5 13. exf5 Nxf5 14. Bf2 Bh6 15. Qe1 e6 16. a4 Bf4 17. g3 Be5 18. Qd2 Rc8 19. Rad1 Rf7 20. f4 Bxc3 21. Qxc3 h5 22. Bf3 Na5 23. Bxb7 Nxb7 24. Nd4 Nbd6 25. Nxf5 Nxf5 26. b3 g5 27. fxg5 Qxg5 28. Qe5 Qg6 29. Qe4 Rcf8 30. Bd4 d6 31. Bc3 e5 32. Rd3 Kh7 33. a5 bxa5 34. Ra1 Qg4 35. Qxg4 hxg4 36. Rf1 a4 37. h3 e4 38. Rd2 Nxg3 39. Rxf7+ Rxf7 40. Kg2 Rf3 41. Bb4 gxh3+ 42. Kg1 axb3 43. Rxd6 b2 0-1

[Event "Lvov Tradition IM 10"]
[Site "Lvov"]
[Date "2018.10.26"]
[Round "5"]
[White "Shkuran, Danylo"]
[Black "Bondarets, Vadim"]
[Result "1/2-1/2"]
[WhiteElo "2371"]
[BlackElo "2246"]
[PlyCount "60"]
[EventDate "2018.10.24"]
[EventType "tourn"]
[EventRounds "9"]
[EventCountry "UKR"]
[EventCategory "1"]
[SourceTitle "CBM 187 Extra"]
[Source "ChessBase"]
[SourceDate "2018.11.04"]
[SourceVersion "1"]
[SourceVersionDate "2018.11.04"]
[SourceQuality "1"]

1. e4 d6 2. d4 Nf6 3. Nc3 g6 4. Be2 Bg7 5. Nf3 0-0 6. 0-0 c6 7. e5 Nd5 8. Bd2 Bg4 9. exd6 Qxd6 10. Nxd5 cxd5 11. c3 Nc6 12. Re1 Bxf3 13. Bxf3 b5 14. g3 b4 15. Qa4 e6 16. Bg2 Rfc8 17. Rad1 bxc3 18. bxc3 Ne7 19. Rb1 Rc4 20. Qb3 Rac8 21. Qb7 Qd8 22. Rb4 Rxb4 23. Qxb4 Nc6 24. Qa4 Qa5 25. Qxa5 Nxa5 26. Rb1 Nc4 27. Be1 Nb6 28. Kf1 Kf8 29. Ke2 Ke8 30. Kd3 Kd7 1/2-1/2

[Event "Lvov Tradition IM 03"]
[Site "Lvov"]
[Date "2018.03.26"]
[Round "8"]
[White "Bondarets, Vadim"]
[Black "Krzywda, Andrzej"]
[Result "1-0"]
[WhiteElo "2257"]
[BlackElo "2174"]
[PlyCount "93"]
[EventDate "2018.03.22"]
[EventType "tourn"]
[EventRounds "9"]
[EventCountry "UKR"]
[SourceTitle "CBM 183 Extra"]
[Source "ChessBase"]
[SourceDate "2018.04.19"]
[SourceVersion "1"]
[SourceVersionDate "2018.04.19"]
[SourceQuality "1"]

1. c4 Nf6 2. Nf3 c5 3. Nc3 e6 4. e4 d6 5. d4 cxd4 6. Nxd4 a6 7. Be2 Nbd7 8. 0-0 b6 9. f3 Bb7 10. Nc2 Qc7 11. Ne3 Be7 12. Kh1 Rc8 13. Qe1 h5 14. Bd2 h4 15. Rc1 Qb8 16. b3 g5 17. Bd3 Ne5 18. Qe2 Nh5 19. Ned1 Ng3+ 20. hxg3 hxg3+ 21. Kg1 Kd7 22. Nf2 Rh2 23. Nh3 Rh8 24. Be1 R8xh3 25. Bxg3 d5 26. gxh3 Rxe2 27. Bxe2 Bd6 28. cxd5 Nxf3+ 29. Rxf3 Bxg3 30. Rxf7+ Kd6 31. dxe6 Qh8 32. Kg2 Bf4 33. Rd1+ Kc5 34. Na4+ Kb4 35. Rxb7 Qh4 36. Rxb6+ Ka3 37. Rd3 Qe1 38. b4+ Kxa2 39. Nc3+ Kb2 40. Rxa6 g4 41. Bxg4 Bh2 42. Ra2+ Kb3 43. Kxh2 Qh4 44. Rad2 Kc4 45. Nd5 Kb5 46. e7 Kc4 47. Rc3+ 1-0

[Event "Lvov Tradition IM-A"]
[Site "Lvov"]
[Date "2017.03.24"]
[Round "7"]
[White "Bondarets, Vadim"]
[Black "Krzywda, Andrzej"]
[Result "0-1"]
[WhiteElo "2266"]
[BlackElo "2132"]
[PlyCount "56"]
[EventDate "2017.03.21"]
[EventType "tourn"]
[EventRounds "9"]
[EventCountry "UKR"]
[SourceTitle "CBM 177 Extra"]
[Source "ChessBase"]
[SourceDate "2017.04.27"]
[SourceVersion "1"]
[SourceVersionDate "2017.04.27"]
[SourceQuality "1"]

1. c4 Nf6 2. Nf3 e6 3. b3 d5 4. Bb2 Be7 5. g3 0-0 6. Bg2 c5 7. cxd5 exd5 8. 0-0 Nc6 9. d4 b6 10. Nc3 Re8 11. Rc1 Ba6 12. Re1 Rc8 13. e3 Bf8 14. a3 Bb7 15. Ne2 Ne4 16. Nf4 Na5 17. dxc5 bxc5 18. Nh4 Qb6 19. Qg4 Qxb3 20. Rb1 Qc2 21. Bxe4 Qxe4 22. f3 Qc2 23. Nh5 d4 24. Nf6+ Kh8 25. Nxe8 Rxe8 26. Qd7 Bc6 27. Qxf7 dxe3 28. Nf5 Qf2+ 0-1

[Event "Lvov Tradition IM-A"]
[Site "Lvov"]
[Date "2017.03.22"]
[Round "2"]
[White "Bogdanov, Egor"]
[Black "Bondarets, Vadim"]
[Result "1/2-1/2"]
[WhiteElo "2348"]
[BlackElo "2266"]
[PlyCount "142"]
[EventDate "2017.03.21"]
[EventType "tourn"]
[EventRounds "9"]
[EventCountry "UKR"]
[SourceTitle "CBM 177 Extra"]
[Source "ChessBase"]
[SourceDate "2017.04.27"]
[SourceVersion "1"]
[SourceVersionDate "2017.04.27"]
[SourceQuality "1"]

1. e4 d5 2. exd5 Nf6 3. c4 c6 4. d4 cxd5 5. Nc3 Nc6 6. Nf3 e6 7. c5 b6 8. Bb5 Bd7 9. Qa4 Rc8 10. Bg5 bxc5 11. Ne5 Qb6 12. Bxf6 gxf6 13. Nxd7 Kxd7 14. dxc5 Bxc5 15. 0-0 Ke7 16. Rae1 Ne5 17. Qh4 Bd4 18. Ne2 Bc5 19. Nf4 Bd4 20. Ba4 Bxb2 21. Bb3 Rhg8 22. Kh1 Qd4 23. Rd1 Qc5 24. Bxd5 exd5 25. Nxd5+ Kf8 26. Nxf6 Rg6 27. f4 Qc2 28. Nxh7+ Kg7 29. Ng5 Rh8 30. Qg3 Qc3 31. Qxc3 Bxc3 32. Ne4 Ng4 33. h3 Ba5 34. f5 Rc6 35. Rd5 Bb6 36. Rd3 Nf6 37. Ng5 Rd8 38. Rg3 Kf8 39. h4 Rd4 40. Rh3 Rcc4 41. g3 Ng4 42. h5 Rd2 43. h6 Nf2+ 44. Kg2 Nxh3+ 45. Kxh3 Rcc2 46. Rh1 Rd6 47. f6 Bd4 48. h7 Bxf6 49. Ne4 Kg7 50. Kg4 Rd8 51. Nxf6 Rh8 52. Rf1 Rxa2 53. Nh5+ Kf8 54. Nf6 Ra6 55. Kg5 Kg7 56. Nh5+ Kxh7 57. Rxf7+ Kg8 58. Rc7 Ra5+ 59. Kg6 Ra6+ 60. Nf6+ Rxf6+ 61. Kxf6 Rh6+ 62. Kg5 Ra6 63. g4 Rb6 64. Rxa7 Rc6 65. Kh5 Rb6 66. Rc7 Ra6 67. g5 Rb6 68. Rc5 Kg7 69. Rd5 Ra6 70. g6 Ra1 71. Rd7+ Kg8 1/2-1/2

[Event "Lvov Tradition 09"]
[Site "Lvov"]
[Date "2016.09.29"]
[Round "6"]
[White "Bondarets, Vadim"]
[Black "Rozycki, Bartlomiej"]
[Result "1-0"]
[WhiteElo "2279"]
[BlackElo "2140"]
[PlyCount "93"]
[EventDate "2016.09.26"]
[EventType "tourn"]
[EventRounds "11"]
[EventCountry "UKR"]
[EventCategory "1"]
[SourceTitle "CBM 174 Extra"]
[Source "ChessBase"]
[SourceDate "2016.10.10"]
[SourceVersion "1"]
[SourceVersionDate "2016.10.10"]
[SourceQuality "1"]

1. c4 e5 2. Nc3 Nf6 3. Nf3 Nc6 4. e4 d6 5. d4 exd4 6. Nxd4 g6 7. Be2 Bg7 8. Nc2 0-0 9. 0-0 Ne8 10. Be3 f5 11. exf5 Bxf5 12. Nd4 Nxd4 13. Bxd4 c6 14. Bxg7 Kxg7 15. Qd2 Qf6 16. Rad1 Rd8 17. Bf3 Nc7 18. Qe3 Ra8 19. Rd2 Rfe8 20. Qd4 Qxd4 21. Rxd4 Rad8 22. Rfd1 Ne6 23. Rxd6 Rxd6 24. Rxd6 Nd4 25. Be4 Ne2+ 26. Kf1 Nxc3 27. Bxf5 Na4 28. Bc2 Nxb2 29. Bb3 Re4 30. f3 Rh4 31. Rd7+ Kh6 32. Kf2 Nxc4 33. Kg3 Kg5 34. Rxb7 Nd6 35. Rxa7 Nf5+ 36. Kf2 Rxh2 37. Ra4 Rh4 38. Rxh4 Kxh4 39. a4 Nd6 40. a5 c5 41. a6 Nb5 42. Ke3 Kg3 43. Kd3 Kxg2 44. Kc4 Na7 45. Kxc5 h5 46. Be6 h4 47. Kb6 1-0

[Event "Lvov Tradition IM-A 04"]
[Site "Lvov"]
[Date "2016.04.26"]
[Round "2"]
[White "Bykovskiy, Oleg"]
[Black "Bondarets, Vadim"]
[Result "1-0"]
[WhiteElo "2251"]
[BlackElo "2292"]
[PlyCount "83"]
[EventDate "2016.04.25"]
[EventType "tourn"]
[EventRounds "9"]
[EventCountry "UKR"]
[EventCategory "1"]
[SourceTitle "CBM 172 Extra"]
[Source "ChessBase"]
[SourceDate "2016.06.21"]
[SourceVersion "1"]
[SourceVersionDate "2016.06.21"]
[SourceQuality "1"]

1. Nc3 d5 2. d4 Nf6 3. Bf4 g6 4. Qd2 h6 5. f3 Bg7 6. 0-0-0 c6 7. e4 Be6 8. e5 Nfd7 9. Kb1 Qa5 10. g4 h5 11. Nxd5 Qd8 12. Ne3 hxg4 13. fxg4 Bd5 14. Nxd5 cxd5 15. e6 fxe6 16. Bd3 Nf8 17. Bxb8 Qxb8 18. Nf3 Qc7 19. Qe2 0-0-0 20. Bxg6 Rd6 21. Bd3 Rb6 22. c3 Kb8 23. Kc2 Nd7 24. Rde1 Rc8 25. g5 a6 26. h4 Rxb2+ 27. Kxb2 Qxc3+ 28. Kb1 Rc6 29. Bc2 Nc5 30. Qe3 Rb6+ 31. Bb3 Nd3 32. Qd2 Rxb3+ 33. axb3 Qxb3+ 34. Ka1 Qa3+ 35. Qa2 Qc3+ 36. Kb1 Nb4 37. Qh2+ Ka8 38. Ne5 Bxe5 39. dxe5 Qd3+ 40. Kc1 d4 41. Rd1 Qc4+ 42. Kb1 1-0

[Event "Lvov Maksym Yusupov Memorial 4th"]
[Site "Lvov"]
[Date "2016.01.26"]
[Round "3"]
[White "Szostko, Jakub"]
[Black "Bondarets, Vadim"]
[Result "1-0"]
[WhiteElo "2198"]
[BlackElo "2299"]
[PlyCount "45"]
[EventDate "2016.01.25"]
[EventType "tourn"]
[EventRounds "11"]
[EventCountry "UKR"]
[EventCategory "2"]
[SourceTitle "CBM 170 Extra"]
[Source "ChessBase"]
[SourceDate "2016.02.25"]
[SourceVersion "1"]
[SourceVersionDate "2016.02.25"]
[SourceQuality "1"]

1. e4 e6 2. d4 d5 3. Nc3 Nf6 4. e5 Nfd7 5. f4 b6 6. Nf3 Ba6 7. Bxa6 Nxa6 8. Qe2 Qc8 9. f5 c5 10. fxe6 fxe6 11. 0-0 cxd4 12. Nxd4 Bc5 13. Ncb5 Nf8 14. c3 Qd7 15. b4 Be7 16. Bg5 Bxg5 17. Qh5+ Ng6 18. Qxg5 Qd8 19. Qg4 Nc7 20. Nxe6 Nxb5 21. Nxd8 Kxd8 22. Qe6 Ne7 23. Rf7 1-0

[Event "Lvov IM 09"]
[Site "Lvov"]
[Date "2015.10.03"]
[Round "9"]
[White "Bondarets, Vadim"]
[Black "Golubka, Petr"]
[Result "1/2-1/2"]
[WhiteElo "2289"]
[BlackElo "2413"]
[PlyCount "60"]
[EventDate "2015.09.28"]
[EventType "tourn"]
[EventRounds "11"]
[EventCountry "UKR"]
[EventCategory "1"]
[SourceTitle "CBM 168 Extra"]
[Source "ChessBase"]
[SourceDate "2015.10.29"]
[SourceVersion "1"]
[SourceVersionDate "2015.10.29"]
[SourceQuality "1"]

1. e4 e5 2. Bc4 Nc6 3. Nc3 Nf6 4. d3 Bb4 5. a3 Bxc3+ 6. bxc3 d5 7. exd5 Nxd5 8. Bd2 0-0 9. Ne2 Be6 10. 0-0 a6 11. a4 b6 12. Ng3 Qd7 13. Qf3 f6 14. Rfe1 Rfe8 15. Ne4 Kh8 16. h3 Nce7 17. Ng3 b5 18. axb5 axb5 19. Rxa8 Rxa8 20. Bb3 c6 21. Ne4 Bf5 22. Nc5 Qa7 23. d4 Bg6 24. Qg4 Bf5 25. Qf3 Bg6 26. Qg4 Bf5 27. Qf3 Rd8 28. Qg3 Rf8 29. Qh4 exd4 30. cxd4 Ng6 1/2-1/2

[Event "Lvov July IM"]
[Site "Lvov"]
[Date "2015.07.31"]
[Round "8"]
[White "Sabuk, Piotr"]
[Black "Bondarets, Vadim"]
[Result "1-0"]
[WhiteElo "2340"]
[BlackElo "2303"]
[PlyCount "139"]
[EventDate "2015.07.27"]
[EventType "tourn"]
[EventRounds "9"]
[EventCountry "UKR"]
[SourceTitle "CBM 167 Extra"]
[Source "ChessBase"]
[SourceDate "2015.09.14"]
[SourceVersion "1"]
[SourceVersionDate "2015.09.14"]
[SourceQuality "1"]

1. d4 Nf6 2. c4 d6 3. Nf3 Nbd7 4. Nc3 e5 5. g3 Be7 6. Bg2 0-0 7. 0-0 c6 8. Qc2 a6 9. Rd1 Qc7 10. b4 a5 11. b5 Re8 12. Bb2 exd4 13. Nxd4 Ne5 14. Na4 Bd7 15. Rac1 Rad8 16. h3 h5 17. e4 Nh7 18. f4 Ng6 19. bxc6 bxc6 20. c5 dxc5 21. Nxc5 Bc8 22. e5 h4 23. Nd3 hxg3 24. Qxc6 Qa7 25. Qc7 Qa6 26. Rc6 Qb7 27. Qxb7 Bxb7 28. Rxg6 Bxg2 29. Rxg3 Be4 30. Nf2 Ba8 31. Nf5 Rxd1+ 32. Nxd1 g6 33. Nxe7+ Rxe7 34. Kf1 Rd7 35. Ke2 Kf8 36. Ra3 Ra7 37. Rc3 Be4 38. Rc8+ Ke7 39. Ne3 Ke6 40. Bd4 Rb7 41. Re8+ Re7 42. Rb8 Rb7 43. Re8+ Re7 44. Rh8 f6 45. Ng4 fxe5 46. Bxe5 g5 47. Ke3 Bb1 48. a3 gxf4+ 49. Kxf4 Rf7+ 50. Ke3 Ng5 51. Bf4 Rf5 52. Ne5 Nf7 53. Re8+ Kd5 54. Nf3 Rf6 55. Ra8 Re6+ 56. Kf2 Ke4 57. Bg5 Rb6 58. Rxa5 Rb2+ 59. Nd2+ Kd3 60. Rd5+ Kc2 61. Bf4 Ba2 62. Rd7 Rb6 63. Ra7 Kd3 64. a4 Rf6 65. Rd7+ Kc2 66. Ke3 Nh6 67. Rc7+ Kd1 68. Ne4 Nf5+ 69. Kf2 Rb6 70. Rc1# 1-0